Category Elimination - Americas Geography - Statistics

General Stats
  • This quiz has been taken 878 times
  • The average score is 15 of 20
Answer Stats
Group # Category % Correct
Green 35 Americas Countries
100%
Green 26 ... which are one word
100%
Green 18 ... with multiple borders
99%
Yellow 36 Capital Cities of the Americas
95%
Green 5 ... in Central America or the Caribbean
94%
Yellow 27 ... which are north of the Equator
94%
Yellow 15 ... with at least 10 letters
93%
Yellow 8 ... which are NOT on an island
92%
Blue 26 ... which have red on them
88%
Blue 35 Americas countries (by Flag)
87%
Pink 71 Americas Countries or Capitals
86%
Blue 18 ... have green on them
83%
Pink 50 ... with a population of less than 8 million
81%
Blue 5 ... have a bird on them
78%
Pink 34 ... which are on the coast
77%
Green 1 ... and doesn't end in a vowel Honduras
75%
Pink 15 ... starting with a letter before K
67%
Blue 1 ... and does NOT have blue on it Dominica
25%
Yellow 1 ... and lies east of Asuncion Paramaribo
22%
Pink 1 ... and has land outside of the Tropics Bahamas
13%
No matching quizzes found
Score Distribution
Percent of People with Each Score
Percentile by Number Answered
Your Score History
You have not taken this quiz